BIBLIOTHÈQUE DE LA MAISON DU MEXIQUE

Logo 1 Logo 2

Obra antropológica (notice nᵒ 5079)

détails MARC
000 -Sello discográfico
campo de control de longitud fija 00969nam0a2200289 4500
005 - Identificación de versión
campo de control 20251016084000.0
010 ## - Número Estándar Internacional de Libros (ISBN)
Número (ISBN) 968-16-4384-4 (volumen XIII, rústica)
035 ## - Otros números de control del sistema
Número de control del sistema 32704
099 ## - fechas locales
Tipo de ítem Koha LIBRO
100 ## - Datos de procesamiento general
Datos de procesamiento general 20110923d1994 m y0spay5003 ba
105 ## - Campo de datos codificados: Material textual, monográfico
Datos codificados de monografía y 001zy
200 1# - Título y mención de responsabilidad
Título propio Obra antropológica
Designación general del material texto impreso
Primer mención de responsabilidad Gonzalo Aguirre Beltrán
Número de una pieza XIII
Nombre de una parte Antropología médica : sus desarrollos teóricos en México
205 ## - Declaración de edición
Declaración de edición 1a ed
210 ## - Publicación, distribución, etc.
Lugar de publicación, distribución, etc. México
Nombre del editor, distribuidor, etc. Fondo de Cultura Económica
Fecha de publicación, distribución, etc. 1994
215 ## - Descripción física
Designación de material específico y extensión del ítem 460 p
Dimensiones 21 cm
320 ## - Nota de índices/bibliografías internas
Texto de la nota Incluye bibliografía: p.419-453
345 ## - Nota de información de adquisición
Fuente de adquisición/dirección de la suscripción [OBSOLETO] Donación 'Salon du Livre 2009'
410 #1 - Series
Título Sección de Obras de Antropología
606 ## - Término temático usado como materia
Elemento de entrada Antropología médica
Número Koha 9980
700 ## - Nombre personal - Responsabilidad primaria
Elemento de entrada Aguirre Beltrán
Parte del nombre distinta del elemento de entrada Gonzalo
Fechas 1908-1996
Número Koha 539
801 #0 - Fuente de origen
País FR
Agencia cm
Reglas de catalogación (convenciones descriptivas) AFNOR
900 ## -
-- 1/20538
942 ## - ELEMENTOS DE ENTRADA SECUNDARIOS (KOHA)
Tipo de ítem Koha Livre
996 ## -
-- MEX
-- 751145101
-- MMAG
-- 000429
-- 306 A434 V.13
-- 20110923LIV
Exemplaires
Estatus retirado Estado de daño Estado de pérdida Fecha de adquisición Biblioteca de origen Biblioteca actual Ubicación en estantería Código de barras Precio de reemplazo Signatura topográfica completa No para préstamo Tipo de ítem Koha Nota pública Nota no pública
      05/08/2025 Casa México Paris Casa México Paris   000429 05/08/2025 306 A434 V.13   Livre 20110923LIV 751145101